000 00711cam a2200229 a 4500
001 3429724
003 GBCCL
005 20241126110411.0
008 921109s1989 ii b 000 0 eng d
035 _a(OCoLC)ocn685776384
035 _a3429724
040 _aNjPT
_cNjPT
_dNNUT
082 _a266.001
_bGNA
100 1 _aGnanakan, Ken.
_9258
245 1 0 _aKingdom concerns :
_ba biblical exploration towards a theology of mission /
_cKen R. Gnanakan.
260 _aBangalore, India :
_bTheological Book Trust,
_c1989.
300 _av, 208 p. ;
_c21 cm.
504 _aIncludes bibliographical references.
650 0 _aMissions
_xTheory.
_948
650 0 _aMissions
_xBiblical teaching.
_9481
942 _2ddc
_cBK
_04
999 _c1861
_d1861